000 00644nam a2200241 i 4500
001 C2-0216262
003 PPAK
005 20180728104925.0
008 990516s1957 my |||| ||||| | may d
040 _aPPAK
_beng
_cPPAK
_erda
082 0 4 _a899.23
_2 23
090 0 0 _a899.23
_bAHM
_dKSA
090 0 0 _a899.23
_bAHM
_dKSI
100 0 _aAhmad Murad,
_eauthor
245 1 0 _aNyawa di hujung pedang
264 1 _aKuala Lumpur :
_bKhee Meng Press ,
_c1957 ; 1963
300 _a99 pages ;
_c17 cm
336 _2rdacontent
_atext
337 _2rdamedia
_aunmediated
338 _2rdacarrier
_avolume
650 1 0 _aMalay fiction
942 _ddc
_cB
999 _c159922
_d159922